00521nam a2200157Ia 4500008004100000020001500041022001500056040001300071082001400084100001800098245012100116250002600237260006200263300001900325650001900344191130s2001##################000#0#eng## a1559705930 a2001024929 aACLcACL a302.4 MAA aMaalouf, Amin aIn the name of identity : violence and the need to belongcAmin Maalouf ; translated from the French by Barbara Bray a1st North American ed aNew YorkbArcade ; Distributed by Time Warner Tradec2001 a164 p. ; 22 cm aGroup identity